000 00616nam a2200241Ia 4500
003 OSt
005 20220918214617.0
006 a|||||r|||| 00| 0
007 ta
008 220917b |||||||| |||| 00| 0 eng d
024 _a138,300
037 _cTextual
040 _aARTS
_cARTS
_beng
041 _2eng
_aeng
082 _aY, L26
100 _aVernon Clenn M
_9131947
245 0 _aHuman interaction
_b an introduction to sociology
250 _a2nd
260 _aN.Y
_bRonald Press
_c1972
650 _aSOCIOLOGY
942 _hY, L26
_cTEXL
_2CC
999 _c261351
_d261351